|
|
|
|
| LEADER |
00000nab a2200000 a 4500 |
| 001 |
vtls000787803 |
| 003 |
SK-MaSNL |
| 005 |
20260304182454.0 |
| 008 |
250429c2001 xo 0 slo |
| 015 |
|
|
|a SNBRB2002/03-09618
|
| 035 |
|
|
|a CLN000139458
|
| 035 |
|
|
|a urn:nbn:sk:snk-ab1ig6
|
| 035 |
|
|
|a (urnnbn)urn:nbn:sk:snk:ar-0040dt
|
| 035 |
|
|
|a (uuid)6a0d823b-1aa9-472b-90b2-2423f4ee03e6
|
| 040 |
|
|
|a SNKBUCL
|b slo
|c SNKBUCL
|e AACR2
|
| 041 |
0 |
|
|a slo
|
| 044 |
|
|
|a xo
|c SK
|
| 080 |
|
|
|a 940.53:623.463
|2 1997
|
| 080 |
|
|
|a 623.463(430:437.6)(091)
|2 1997
|
| 080 |
|
|
|a 943.76"1944"
|2 1997
|
| 100 |
1 |
|
|a Tvaroška, Rudolf
|4 aut
|9 900319
|
| 245 |
1 |
0 |
|a Výroba V-2 na Slovensku
|c Rudolf Tvaroška
|
| 300 |
|
|
|b Fotogr.
|
| 648 |
|
7 |
|a 1944
|2 SNK
|9 294704
|
| 650 |
0 |
7 |
|a V-2 (riadené strely)
|2 SNKPH
|9 855270
|
| 650 |
0 |
7 |
|a vojenské rakety
|2 SNKPH
|9 1322805
|
| 651 |
|
7 |
|a Slovensko
|x dejiny
|2 SNKPHgeo
|9 13278
|
| 655 |
|
7 |
|a články z novín a časopisov
|2 snkbucl
|9 267496
|
| 773 |
0 |
|
|t Armáda
|g Roč. 9, č. 11 (2001), s. 26-27
|x 1335-0463
|
| 850 |
|
|
|a Slovenská národná knižnica
|
| 852 |
|
|
|a Slovenská národná knižnica
|
| 954 |
|
|
|a odborná, vedecká literatúra pôvodná (slovenská)
|2 lita
|
| 957 |
|
|
|a 302
|
| 958 |
|
|
|a article2022
|
| 958 |
|
|
|a OS
|
| 958 |
|
|
|a SK
|
| 958 |
|
|
|a DE
|
| 958 |
|
|
|a OND
|
| 958 |
|
|
|a EUIPO
|
| 992 |
|
|
|a RBX
|
| 999 |
|
|
|c 3029521
|d 3031451
|